000 00636nam a2200277Ia 4500
005 20260324134334.0
008 008 260324s9999 xx 000 0 eng d
020 _a9781315760339
037 _aEBOOK
040 _aCRL
040 _beng
040 _cCRL
041 _2eng
041 _aeng
084 _qCRL
100 _aEmma Wagner
_91196438
245 0 _aTranslating for the European Union
260 _bTaylor and Francis
260 _c2002
365 _a
365 _b98.99
856 _uhttp://www.taylorfrancis.com/books/9781315760339
942 _cEBOOK
999 _c1796442
_d1796442